| 000 | 00652nam a2200205Ia 4500 | ||
|---|---|---|---|
| 001 | 9581 | ||
| 003 | GE_BSU | ||
| 008 | 181216s||||||||xx |||||||||||||| ||und|| | ||
| 040 | _cGE_BSU | ||
| 080 | _a821.353.1–1 | ||
| 100 | _aმჟავია,ქსენია | ||
| 245 | _aრჩეული ლექსები | ||
| 245 | _cრედ.ლ.ბეჟანიძე, მხატვ.ვ.ბესელია | ||
| 260 | _aთბილისი | ||
| 260 | _bსაბჭოთა აჭარა | ||
| 260 | _c1977 | ||
| 300 | _a143გვ.1ფ.პორტრ.16სმ. | ||
| 653 | _aრჩეული ლექსები | ||
| 942 | _cBK | ||
| 999 |
_c42873 _d42873 |
||